Odvaha k pravde: Foucault a kynici

Štúdium vzťahu medzi subjektivitou a pravdou počas dlhého obdobia antického a ranokresťanského myslenia nám umožňuje pozrieť sa z inej strany na vzťah medzi pravdou a bytím, ktorý sa tradične interpretuje z pozície metafyziky.

Salvato in:
Dettagli Bibliografici
Autore principale: Suvák, Vladislav
Natura: Capitolo di libro
Lingua:slovacco
Soggetti:
Tags: Aggiungi Tag
Nessun Tag, puoi essere il primo ad aggiungerne!!

MARC

LEADER 00000naa a2200000 4500
001 0282004
005 20240417075153.9
041 0 |a slo 
044 |a SK 
245 1 0 |a Odvaha k pravde: Foucault a kynici  |c Vladislav Suvák 
520 |a Štúdium vzťahu medzi subjektivitou a pravdou počas dlhého obdobia antického a ranokresťanského myslenia nám umožňuje pozrieť sa z inej strany na vzťah medzi pravdou a bytím, ktorý sa tradične interpretuje z pozície metafyziky. 
610 2 0 |a filozofia 
610 2 0 |a filozofi 
610 2 0 |a smery filozofické 
610 2 0 |a metódy poznania 
610 2 0 |a morálka 
610 2 0 |a etika 
100 1 |a Suvák, Vladislav